School-age ideas and activities for after school programs / (Record no. 3022)
[ view plain ]
| 000 -LEADER | |
|---|---|
| fixed length control field | 01069cam a2200289 a 4500 |
| 001 - CONTROL NUMBER | |
| control field | 1055539 |
| 003 - CONTROL NUMBER IDENTIFIER | |
| control field | GZU |
| 005 - DATE AND TIME OF LATEST TRANSACTION | |
| control field | 20201112121110.0 |
| 008 - FIXED-LENGTH DATA ELEMENTS--GENERAL INFORMATION | |
| fixed length control field | 900831s1990 tnua b 000 0 eng |
| 010 ## - LIBRARY OF CONGRESS CONTROL NUMBER | |
| LC control number | 90063115 |
| 020 ## - INTERNATIONAL STANDARD BOOK NUMBER | |
| International Standard Book Number | 9780917505201 |
| Terms of availability | $16.95 |
| 040 ## - CATALOGING SOURCE | |
| Original cataloging agency | DLC |
| Transcribing agency | DLC |
| Modifying agency | DLC |
| 050 00 - LIBRARY OF CONGRESS CALL NUMBER | |
| Classification number | HQ778.6 |
| Item number | HAA 2005 |
| 082 00 - DEWEY DECIMAL CLASSIFICATION NUMBER | |
| Classification number | 372.5 |
| Edition number | 20 |
| 100 2# - MAIN ENTRY--PERSONAL NAME | |
| Personal name | Haas-Foletta, Karen. |
| 245 10 - TITLE STATEMENT | |
| Title | School-age ideas and activities for after school programs / |
| Statement of responsibility, etc. | by Karen Haas-Foletta and Michele Cogley ; illustrated by Mary R. Thomason ; photos by Chris Powell. |
| 260 ## - PUBLICATION, DISTRIBUTION, ETC. | |
| Place of publication, distribution, etc. | Nashville, TN : |
| Name of publisher, distributor, etc. | School Age Notes, |
| Date of publication, distribution, etc. | 2005 |
| 300 ## - PHYSICAL DESCRIPTION | |
| Extent | 224 p. : |
| Other physical details | ill. ; |
| Dimensions | 28 cm. |
| 500 ## - GENERAL NOTE | |
| General note | Includes index |
| 504 ## - BIBLIOGRAPHY, ETC. NOTE | |
| Bibliography, etc. note | Includes bibliographical references (p. 163-168). |
| 650 #0 - SUBJECT ADDED ENTRY--TOPICAL TERM | |
| Topical term or geographic name entry element | School-age child care |
| General subdivision | Activity programs. |
| 650 #0 - SUBJECT ADDED ENTRY--TOPICAL TERM | |
| Topical term or geographic name entry element | After-school programs. |
| 700 1# - ADDED ENTRY--PERSONAL NAME | |
| Personal name | Cogley, Michele. |
| 906 ## - LOCAL DATA ELEMENT F, LDF (RLIN) | |
| a | 7 |
| b | cbc |
| c | orignew |
| d | 3 |
| e | opcn |
| f | 19 |
| g | y-gencatlg |
| 942 ## - ADDED ENTRY ELEMENTS (KOHA) | |
| Source of classification or shelving scheme | Library of Congress Classification |
| Koha item type | Books |
| Edition | 2nd edition |
| Classification part | 778.6 |
| Item part | HAA |
| Call number prefix | HQ |
| Withdrawn status | Lost status | Damaged status | Not for loan | Collection code | Home library | Current library | Shelving location | Date acquired | Inventory number | Total Checkouts | Full call number | Barcode | Date last seen | Copy number | Price effective from | Koha item type |
|---|---|---|---|---|---|---|---|---|---|---|---|---|---|---|---|---|
| Non-fiction | City Campus Library | City Campus Library | General Stacks | 11/12/2020 | 026493 | HQ 778.6 | 026493 | 11/12/2020 | C.1 | 11/12/2020 | Books | |||||
| Non-fiction | City Campus Library | City Campus Library | General Stacks | 11/12/2020 | 027731 | HQ 778.6 | 027731 | 11/12/2020 | C.2 | 11/12/2020 | Books |